Statistics for Biggest Cities in Uttar Pradesh

Click here to take the quiz!

General Stats

  • This quiz has been taken 62 times
  • The average score is 9 of 20

Answer Stats

PopulationCity% Correct
3,201,474Lucknow
92%
2,146,467Agra
90%
4,542,184Kanpur
82%
1,316,719Allahabad
72%
1,735,113Varanasi
72%
1,524,908Meerut
64%
979,933Bareilly
56%
2,458,525Ghaziabad
56%
692,519Gorakhpur
54%
909,559Aligarh
51%
549,391Jhansi
41%
889,810Moradabad
41%
359,062Rampur
41%
454,937Mathura
26%
703,345Saharanpur
23%
494,792Muzaffarnagar
21%
642,381Faizabad
18%
603,797Firozabad
10%
356,103Shahjahanpur
10%
369,221Budaun
5%

Score Distribution

Percentile by Number Answered

Percent of People with Each Score

Your Score History

You have not taken this quiz